|
|
|
|
| LEADER |
00000nab a22000007a 4500 |
| 001 |
vtls010672153 |
| 003 |
SK-MaSNL |
| 005 |
20260304184433.0 |
| 008 |
250708s2011 xo |||||||||||||||||slo| |
| 035 |
|
|
|a (urnnbn)urn:nbn:sk:snk:ar-a06a56
|
| 035 |
|
|
|a (uuid)6668fe31-87db-4554-a083-ce07f4740cae
|
| 035 |
|
|
|a urn:nbn:sk:snk-ab18ml
|
| 040 |
|
|
|a SNKBUCL
|b slo
|c SNKBUCL
|e AACR2
|
| 041 |
0 |
|
|a slo
|
| 044 |
|
|
|a xo
|c SK
|
| 100 |
1 |
|
|a Danilla, Tibor,
|d 1943-
|4 aut
|9 196738
|
| 245 |
1 |
0 |
|a Spomienka na prof. MUDr. Eugena Hegyiho, DrSc.
|c Tibor Danilla
|
| 773 |
0 |
|
|t Dermatológia pre prax
|g Roč. 5, č. 3 (2011), s. 141
|
| 850 |
|
|
|a Slovenská národná knižnica
|
| 852 |
|
|
|a Slovenská národná knižnica
|
| 954 |
|
|
|a odborná, vedecká literatúra pôvodná (slovenská)
|2 lita
|
| 958 |
|
|
|a article
|
| 958 |
|
|
|a OND
|
| 958 |
|
|
|a EUIPO
|
| 999 |
|
|
|c 3038017
|d 3039947
|